Postavenie OPEC vo svetovom hospodárstve

Guardado en:
Detalles Bibliográficos
Autor principal: Grešš, Martin, 1978-
Formato: Capítulo de libro
Lenguaje:eslovaco
Etiquetas: Agregar Etiqueta
Sin Etiquetas, Sea el primero en etiquetar este registro!

MARC

LEADER 00000naa$a2200000$$$4500
001 0126883
005 20240502072439.5
041 0 |a slo 
044 |a SK 
245 1 0 |a Postavenie OPEC vo svetovom hospodárstve  |c Martin Grešš 
100 1 |a Grešš, Martin, 1978-